000 00517nam a22001817a 4500
008 170612b xxu||||| |||| 00| p tur d
020 _a9789754472868
041 _atur
050 _aPL248.E6878
100 _9260
_aYusuf Alper
245 _aPsikodinamik Açıdan Haydar Ergülen ve Şiiri (Ateşli Bir Hastalık)
250 _a1. baskı
260 _aİstanbul
_bÖzgür Yayınları
_cEkim 2010
300 _a95 sayfa
500 _aÖzgür Yayınları: 302
650 0 _9145
_aTürk Edebiyatı
942 _2lcc
_cBK
999 _c1401
_d1377